Tisíc let na stráži : (Hornojizerské krajiště) : vlastivědná úvaha /

Main Author: Zeman, Jan
Other Authors: Vaníček, Vilém
Language: Czech
Published: V Navarově : nákladem vlastním, 1939
Physical Description: 96 stran : 1 mapa ; 24 cm
Book
Saved in:
LEADER 00979nam a22003012i 4500
001 001847900
003 CZ BrMZK
005 20230206122451.0
007 ta
008 230206s1939 xr b er|||||||||||cze d
015 |a cnb000805774 
020 |q (Brožováno) 
035 |a (OCoLC)85633400 
040 |a ABA001  |b cze  |c KLG001  |d ABA001  |d BOA001  |e rda 
100 1 |a Zeman, Jan  |7 jk01152460  |4 aut 
245 1 0 |a Tisíc let na stráži :  |b (Hornojizerské krajiště) : vlastivědná úvaha /  |c Jan Zeman, Vilém Vaníček 
264 1 |a V Navarově :  |b nákladem vlastním,  |c 1939 
300 |a 96 stran :  |b 1 mapa ;  |c 24 cm 
336 |a text  |b txt  |2 rdacontent 
337 |a bez média  |b n  |2 rdamedia 
338 |a svazek  |b nc  |2 rdacarrier 
700 1 |a Vaníček, Vilém  |4 aut 
910 |a BOA001  |b 2-0223.322 
928 9 |a J. Zeman 
928 9 |a V. Vaníček 
990 |a BK 
991 |b 202301 
996 6 |b 2618751821  |c 2-0223.322  |l MZK  |r Sklad / do 24 hodin  |n 0  |w 001914308  |u 000010  |a 1  |e BOA001  |j MZK50  |s P